1926 1605 1683 1670 1921 1360 1901 1143 1655 1014 1576 1024 1581 1591 1430 1262 1163 1986 1414 1110 1082 1533 1766 1915 1016 1395 1518 1639 1194 1968 1043 1982 1096 1052 1622 1846 1635 1688 1054 1821 1532 1663 1634 1149 1532 1454 1347 1782 1402 1955 1999 1729 1178 1032 1019 1303 1068 1603 1268 1531 1870 1375 1420 1661 1993 1847 1415 1623 1992 1827 1508 1563 1096 1279 1919 1165 1796 1004 1698 1037 1280 1680 1459 1289 1959 1463 1246 1043 1191 1708 1132 1898 1413 1143 1568 1801 1065 1543 1784 BCNSPRNW ULIB Ver.6.0+V

เปลี่ยนเป็นภาษาไทย

Change to English
 แสดงรายละเอียดบรรณานุกรม
  กลับหน้าหลัก

Brief Record : Get Marc (ISO 2709) : E-mail record : QR code < ปิดหน้าต่าง
LEADER : 00000nam 2200000uu 4500
001    13399124471
003     ULIB
008    150727s2557||||th 000 0 tha d
020    ^a9789744667434
060 04 ^aWF140^bด147ก
100 0  ^aดลรวี (นัฏฐกาล) ลีลารุ่งระยับ
245 10 ^aกายภาพบำบัดทรวงอกทางคลินิก =^bClinical chest physiotherapy /^cดลรวี ลีลารุ่งระยับ
246 31 ^aClinical chest physiotherapy.
250    ^aพิมพ์ครั้งที่ 3 (ฉบับปรับปรุง)
260    ^a[เชียงใหม่ :^bภาควิชากายภาพบำบัด คณะเทคนิคการแพทย์ มหาวิทยาลัยเชียงใหม่],^c2557.
300    ^a295, [7] หน้า :^bภาพประกอบ ;^c26 ซม.
650  4 ^aทางเดินอากาศหายใจ, โรค^xการฟื้นฟูสมรรถภาพ
650  4 ^aทรวงอก, โรค^xการบันทึกภาพด้วยรังสี
650  4 ^aทางเดินอากาศหายใจ, โรค^xการรักษา
650  4 ^aทางเดินอากาศหายใจ, โรค^xการวินิจฉัย
710 2  ^aมหาวิทยาลัยเชียงใหม่.^bคณเทคนิคการแพทย์.^bภาควิชากายภาพบำบัด
945    ^p200^l0^i23023
999    ^aทศพร เกษรทอง
รายการนี้ยังไม่มีแท็ก
คุณยังไม่ได้ล็อกอิน คุณสามารถมีกิจกรรมร่วมกับเว็บไซต์ได้ แต่ต้องล็อกอินก่อน ::
  ล็อกอิน

รายการสื่อสารสนเทศ

ลำดับที่ ประเภท เลขเรียก/บาร์โค้ด สถานที่ สถานะ
1. วิทยาศาสตร์การแพทย์ และสุขภาพ
วิทยาศาสตร์การแพทย์ และสุขภาพ
สถานะ=หนังสือเก่า
WF140 ด147ก ฉ.1 
  Barcode: 23023
ห้องสมุดวิทยาเขตนครสวรรค์
►ส่วนจัดเก็บหนังสือเก่า นว.
บนชั้น
  ขอยืม

รายการใกล้เคียง
    ผู้แต่ง [ดลรวี (นัฏฐกาล) ลีลารุ่งระยับ]

BibComment


ยังไม่เคยถูกคอมเมนท์

คอมเมนท์ทรัพยากรรายการนี้
  คอมเมนท์: กายภาพบำบัดทรวงอ..


 Copyright 2026. Bcnsprnw @Library